000 00265nam a2200109Ia 4500
008 190216s9999||||xx |||||||||||||| ||und||
100 _aHimanshu Joshi
245 0 _aHindi - Es Barphir Barf Giri To (stories)
260 _bNull
_c2005
650 _aHindi
942 _cBK
999 _c16445
_d16445